000 00482nam a2200181Ia 4500
003 LK-CoDNM
008 010623t1897 xxu||||| |||| 00| 1 sin d
040 _aLK-CoDNM
_dLK-CoDNM
_eLK-CoDNM
041 _asin
080 _a104 V.15
100 _aJayathilaka,D.B
_eed.
245 _aමහාරාජ්‍යීනී චරිතය
246 _aOur Queen-Empress
260 _bR.E.Perera
_aColombo
_c1897
300 _b12p., 25 cm
650 _aQueen of Victoria
942 _cBK
999 _c84542
_d84542